| 000 | 01090pam a2200337 a 4500 | ||
|---|---|---|---|
| 999 |
_c2168 _d2168 |
||
| 001 | 014543542 | ||
| 003 | Uk | ||
| 005 | 20230317082349.0 | ||
| 008 | 080227s2008 enka j 000 1 eng d | ||
| 015 |
_aGBA828150 _2bnb |
||
| 016 | 7 |
_a014543542 _2Uk |
|
| 020 | _a9781846469459 : | ||
| 040 |
_aStDuBDS _beng _cStDuBDS _dUk _dKH8 |
||
| 042 | _aukblsr | ||
| 082 | 0 | 4 |
_a823.914 COL _222 |
| 100 | 1 |
_aCollins, Joan, _d1917- _eauthor. |
|
| 245 | 1 | 0 |
_aAlice in Wonderland / _cby Lewis Carroll ; retold by Joan Collins ; illustrated by David Frankland. |
| 260 |
_aLondon : _bLadybird, _cc2008. |
||
| 300 |
_a49 p. : _bcol. ill. ; _c18 cm. |
||
| 336 |
_atext _2rdacontent |
||
| 337 |
_aunmediated _2rdamedia |
||
| 338 |
_avolume _2rdacarrier |
||
| 490 | 0 | _aLadybird classics | |
| 490 | 0 | _aLadybird mini | |
| 500 |
_aFormerly CIP. _5Uk |
||
| 600 | 0 | 0 |
_aAlice _c(Fictitious character from Carroll) _vJuvenile fiction. |
| 655 | 0 | _aChildren's stories. | |
| 700 | 1 |
_aFrankland, David, _eillustrator. |
|
| 700 | 1 |
_aCarroll, Lewis, _d1832-1898. _tAlice’s adventures in Wonderland. |
|
| 942 |
_2ddc _cNFIC |
||